| 000 | 00381nam a2200133Ia 4500 | ||
|---|---|---|---|
| 008 | 220217s9999||||xx |||||||||||||| ||und|| | ||
| 020 | _a81-224-0349-2 | ||
| 082 | _a621.381 52 WEH | ||
| 100 |
_aWehner, Heinz _93972 |
||
| 245 | 0 | _aIntroduction to galvanism: seimens series | |
| 260 |
_aWiley eastern limited _bNew Delhi _c1991 |
||
| 300 | _b40 | ||
| 650 | _aELECTRICAL SCIENCE | ||
| 999 |
_c173291 _d173291 |
||